Sports Quiz

Random Sports Quiz

Pundit Arena Daily Sports Quiz Challenge — Day 350 Stats

 Plays Quiz not verified by Sporcle

Support Sporcle.
Go Orange.
Score 0/20 Timer 05:00
0 Plays Today
Hint Answer % Correct
Fluminense FC can be found in this countryBrazil
87.4%
Ronaldinho won the Ballon d'Or in this year2005
87.2%
Name the team who holds the record for the most consecutive Premier League home winsLiverpool
84%
Kieran Tierney left this club to join Arsenal in 2019Celtic
83.8%
Who is Chelsea's all-time record goalscorer?Frank Lampard
80.6%
Winner of the 2010 Six Nations France
79.9%
Who is the current captain of FC Barcelona?Lionel Messi
78.8%
Kimi Raikkonen won the F1 Drivers Championship with this teamScuderia Ferrari
73%
Michael Owen ended his playing career with this clubStoke City
69.9%
Name the player who finished with the most assists during the 2019-20 Premier League seasonKevin De Bruyne
69.5%
Hint Answer % Correct
Paul O'Donovan and Fintan McCarthy won the _____ medal for Ireland at the European Rowing ChampionshipsGold
68.3%
Cricketer Quinton de Kock hails from this countrySouth Africa
66.3%
Who is the current manager of Wolverhampton Wanderers?Nuno Espirito Santo
62.6%
Who finished as the top scorer at the 1996 Euros Championships?Alan Shearer
59.6%
The 1996 Summer Olympics was held in this city Atlanta
57%
Who won the 2008 FA Cup?Portsmouth FC
54.2%
Which team ended up as runners up in the 2002 Champions League final?Bayer Leverkusen
51.5%
Which manager was named the Fifa Best Men's Coach in 2017?Zinedine Zidane
47.6%
Who is the head coach of the Scotland rugby team?Gregor Townsend
30.2%
This player scored the most points at the 2019 Rugby World CupHandre Pollard
10.4%

You're not logged in!

Compare scores with friends on all Sporcle quizzes.
OR
Log In

From the Vault

Begins and Ends: Video Games

by BanjoZebra

There may be some dancing required.
Remove Ads.
Support Sporcle.
Get the best of Sporcle when you Go Orange. This ad-free experience offers more features, more stats, and more fun while also helping to support Sporcle. Thank you for becoming a member.

Show Comments

Extras

Created Apr 12, 2021ReportNominate
Tags:350, arena, challenge, Daily, pundit

Top Quizzes Today


Score Distribution

Your Account Isn't Verified!

In order to create a playlist on Sporcle, you need to verify the email address you used during registration. Go to your Sporcle Settings to finish the process.

Report this User

Report this user for behavior that violates our Community Guidelines.

Details: